000 01149nab a2200289 i 4500
001 193696
003 ES-MaACL
005 20250718152552.0
007 t|
008 240206s1878 sp ||||1| spa d
040 _aES-MaACL
_bspa
100 1 _969273
_aLabra, Rafael M. de,
_d1840-1918
_eaut
245 1 3 _aEl Ateneo de Madrid /
_cRafael María de Labra
260 _aMadrid :
_bRevista Contemporánea,
_c1878
300 _a9 páginas ;
_c30 cm
336 _2rdacontent
_atexto
337 _2rdamedia
_asin mediación
338 _2rdacarrier
_avolumen
500 _aFotocopia del artículo del escritor y ateneísta Rafael María de Labra sobre el Ateneo de Madrid, publicado en "Revista contemporánea" el 30 de junio de 1878, n. 62
530 _aDisponible en formato digital
610 2 4 _aAteneo de Madrid-
_vHistoria
_91925
852 _aES-MaACL
_cDEPOF
_j2347-F-57
_zRevisado enlace: 7 de mayo de 2025
_9201220
856 _uhttps://www.filosofia.org/hem/dep/rco/0150416.htm
_yVersión en línea
_z(Proyecto Filosofía en español)
942 _2udc
_cANAB
_n0
999 _c193696
_d193696